| 000 | 00919cam a2200277 4500 | ||
|---|---|---|---|
| 001 | 763494 | ||
| 003 | ARRUPE | ||
| 005 | 20160803105619.0 | ||
| 008 | 690911s1969 nyu b 000 0 eng | ||
| 010 | _a 69017415 | ||
| 040 |
_aDLC _cDLC _dDLC |
||
| 050 | 0 | 0 |
_aB808.5 _b.W56 |
| 082 | 0 | 0 | _a146/.4 |
| 100 | 1 |
_aWisdom, John, _d1904-1993. _924550 |
|
| 245 | 1 | 0 |
_aLogical constructions. _cWith an introd. by Judith Jarvis Thomson. |
| 260 |
_aNew York, _bRandom House _c[1969] |
||
| 300 |
_a181 p. _c21 cm. |
||
| 490 | 0 | _aA Random House study in philosophy, SPH20 | |
| 504 | _aBibliography: p. [179]-181. | ||
| 600 | 1 | 0 |
_aWittgenstein, Ludwig, _d1889-1951. _tTractatus logico-philosophicus. _921748 |
| 600 | 1 | 0 |
_aRussell, Bertrand, _d1872-1970. _911326 |
| 650 | 0 |
_aAnalysis (Philosophy) _924551 |
|
| 650 | 0 |
_aLogical positivism. _95718 |
|
| 906 |
_a7 _bcbc _corignew _du _encip _f19 _gy-gencatlg |
||
| 942 |
_2lcc _cMONOGRAPH |
||
| 999 |
_c124832 _d124832 |
||